000 00432 a2200169 4500
001 44455
020 _a8526248847
040 _cAnchieta - Aquarius
100 _aComapny, Mercè
240 1 0 _a#As trigêmeas e Ali-Babá e os quarenta ladrões
_lpor
245 1 0 _a#As trigêmeas e Ali-Babá e os quarenta ladrões
300 _a30
362 0 _a2003
440 1 _aScipione
650 4 _aLiteratura infanto-juvenil
942 _cBK
999 _c44455
_d44455